Statistiques concernant Games of Thrones

Cliquez ici pour prendre le quiz!

Statistiques générales

  • Ce quiz a été pris 714 fois
  • Le résultat moyen est 5 sur 16

Statistiques - réponses

HintRéponse% Correct
Nom épée d'Arya StarkAiguille
81%
Combien d'acteurs différents ont interprété le rôle de Gregor "La Montagne" Clegane ?3
78%
Nombre de cités libres9
54%
Auteur des romansGeorge R. R. Martin
49%
Qui a dit : "Quand on joue au jeu des Trônes, soit on gagne soit on meurt" ?Cersei Lannister
40%
Vrai père de Joffrey BaratheonJamie
37%
Nom du premier patrouilleur de la garde de nuitBenjen Stark
28%
Surnom de Davos MervaultChevalier Oignon
28%
Nom du plus long hiverla longue nuit
16%
chemin qui mène jusqu'au Mur du NordLa Route Royale
11%
Traduction de Valar MorghulisChaque Homme doit mourir
7%
Devise des LannisterEntends-moi rugir
7%
Dans la religion des Sept, que représente la Vieille Femme ?Sagesse
6%
Quelle est la durée d'un mois ?28 jours
5%
En quelle année débute la Rébellion du Roi Robert ?281
4%
Nombre de morts durant les trois premières saisons5179
0%

Distribution des résultats

Percentile par nombre de réponses

% des personnes avec chaque résultat

Votre développement - résultats

Vous n’avez pas pris ce quiz